| 000 | 00566 a2200217 4500 | ||
|---|---|---|---|
| 001 | 131952 | ||
| 003 | OSt | ||
| 005 | 20211217145733.0 | ||
| 008 | |||
| 020 | _a9788175960626 | ||
| 082 |
_a621.3692 _bG34I |
||
| 100 | 1 | _aGhatak, Ajoy | |
| 245 | 1 |
_aIntroduction to fiber optics _cby Ajoy Ghatak and K. Thyagarajan |
|
| 260 |
_aNew Delhi _bCambridge university press _c2011 |
||
| 300 | _axvi, 565p. | ||
| 653 | _aPhysics | ||
| 653 | _aFiber optics | ||
| 653 | _aOptical fiber | ||
| 700 | _aThyagarajan, K. | ||
| 942 |
_2ddc _cBK |
||
| 999 |
_c6342 _d6342 |
||